000 00877 a2200277 4500
999 _c74035
_d23040
001 74035
003 TR-AnTOB
005 20240920073831.0
008 090310s1997 tu 00000 tur
035 _a74035
040 _aTR-AnTOB
_cTR-AnTOB
041 _atur
050 _aKKX3544
_b.V47 1997
090 _aKKX3544 .V47 1997
110 _aTürkiye.
_bGelirler Genel Müdürlüğü
_952814
245 0 _aVergi Mevzuatı ile ilgili olarak yayımlanan kanunlar (1980-1997)
264 1 _aAnkara :
_bMaliye Bakanlığı Gelirler Genel Müdürlüğü,
_c1997.
300 _axxiii,902 s. ;
_c24 cm.
590 _aSayın Ahmet Şağar tarafından bağışlanmıştır.
650 7 _aVergilendirme
_xHukuk ve mevzuat
_zTürkiye
_2
_937
650 0 _aTaxation
_xLaw and legislation
_zTurkey
_919739
902 _a0027903
903 _aMerkez Kutuphane
942 _cBK
_2lcc
945 _aSC,C.Ş